000 00678nam a22001815i 4500
001 161029
003 ES-MaACL
005 20230906212159.0
008 041013s1859 fr |||| | fre d
040 _aCAM
_bspa
_cCAM
100 1 _aOppert, Jules.
_9130662
245 1 0 _aGrammaire Sanscrite /
_cpar Jules Oppert.
260 _aParis :
_bMaisonneuve & Cie ;
_aBerlin :
_bJ. Springer,
_c1859 (
_fChez Unger frères)
300 _aX, 232 p., [1] h. pleg. ;
_c23 cm.
597 _aTexto en francés y en sanscrito.
650 0 4 _aLengua sánscrita-
_xGramática.
_914322
852 _aES-MaACL
_jT-258-F-6
_z-- Enc. hol.
_q-- Falto de la cub. original
_z-- Enc. en un vol. facticio
999 _c161029
_d161029